00273nam a2200109Ia 4500008004100000082001600041100002300057245004000080260002300120300000800143650001200151191201s2005 xx 000 0 und d a006.33bERE aERMINE, Jean Louis 0aExpert Systems: Theory and Practice aN.DelhibPHIc2005 a180 aApplied